| 000 | 00363nam a22001577a 4500 | ||
|---|---|---|---|
| 003 | macl | ||
| 005 | 20170108152214.0 | ||
| 008 | 170108b xxu||||| |||| 00| 0 eng d | ||
| 040 | _cmacl | ||
| 082 | _a540 | ||
| 100 |
_aNCERT _94590 |
||
| 245 |
_aChemistry part -1 _bclass XII |
||
| 260 |
_aDehli _bNCERT _c2007 |
||
| 650 |
_achemistry _966466 |
||
| 942 |
_2ddc _cBK |
||
| 999 |
_c55798 _d55798 |
||